000 00673nam a2200157 a 4500
005 20140414132117.0
008 111026s19uu xx 00 eng d
020 _a9780545103565
050 _aM 550
_bM96 2006
100 _aMurrie, Matthew.
245 _aPlanet Earth : guide to the planet /
_cby Matthew Murrie and Steve Murrie.
260 _aNew York :
_bScholastic Inc.,
_c2009.
520 _aIntro -- The whole Earth -- Frozen poles -- The great forests -- The great plains -- The great sands -- Mountain heights -- Caves -- Fresh water -- Rainforests -- Shallow seas -- Open ocean -- Our world, our home.
650 _aEarth --Juvenile literature.
999 _c114949
_d114949